000 00259nam a2200109Ia 4500
008 230907s9999||||xx |||||||||||||| ||und||
082 _a696.1
_bTRE
245 0 _aPlumbing /
260 _aWiley-Blackwell,
_bChichester :
_c2012
300 _a482 p.
942 _cBK
999 _c600661
_d600661